Countries That Do Not Recognize Israel - Statistics

General Stats
  • This quiz has been taken 265 times
  • The average score is 21 of 33
Answer Stats
Continent Countries % Correct
Asia Iran
88%
Asia Iraq
88%
Asia Saudi Arabia
83%
Asia Syria
80%
Asia Pakistan
78%
Asia Yemen
78%
Asia Lebanon
76%
Africa Algeria
75%
Africa Libya
72%
Asia United Arab Emirates
72%
Asia Afghanistan
71%
Asia Qatar
71%
Africa Sudan
70%
Africa Morocco
69%
Africa Tunisia
69%
Asia Bahrain
68%
Asia Kuwait
66%
Africa Somalia
64%
Africa Chad
62%
Africa Niger
62%
Africa Mali
60%
Africa Mauritania
58%
Asia Indonesia
57%
North America Cuba
55%
Asia Malaysia
54%
South America Venezuela
53%
Asia Bangladesh
52%
Asia Brunei
47%
Africa Djibouti
45%
South America Bolivia
40%
Asia North Korea
36%
Africa Comoros
29%
Asia Bhutan
27%
No matching quizzes found
Score Distribution
Percent of People with Each Score
Percentile by Number Answered
Your Score History
You have not taken this quiz